书目信息 |
| 题名: |
复杂系统建模与仿真
|
|
| 作者: | 白世贞 , 张鹤冰 , 薛宁 主编 | |
| 分册: | ||
| 出版信息: | 北京 经济管理出版社 2019.11 |
|
| 页数: | 264页 | |
| 开本: | 24cm | |
| 丛书名: | ||
| 单 册: | ||
| 中图分类: | N945.12 | |
| 科图分类: | ||
| 主题词: | 系统建模--xi tong jian mo , 系统仿真--xi tong fang zhen | |
| 电子资源: | ||
| ISBN: | 978-7-5096-6872-6 | |
| 000 | 01261nam0 2200289 450 | |
| 001 | 0106081909 | |
| 005 | 20201106082047.0 | |
| 010 | @a978-7-5096-6872-6@dCNY59.00 | |
| 100 | @a20200622d2019 em y0chiy50 ea | |
| 101 | 0 | @achi |
| 102 | @aCN@b110000 | |
| 105 | @aa z 000yy | |
| 106 | @ar | |
| 200 | 1 | @a复杂系统建模与仿真@Afu za xi tong jian mo yu fang zhen@dModeling and simulation of complex system@f白世贞, 张鹤冰, 薛宁主编@zeng |
| 210 | @a北京@c经济管理出版社@d2019.11 | |
| 215 | @a264页@c图@d24cm | |
| 300 | @a哈尔滨商业大学“工商管理”黑龙江省国内一流学科资助黑龙江省学位与研究生教育教学改革研究项目成果之一 | |
| 330 | @a本书介绍了系统科学与复杂理论在经济学等社会科学中的应用,以及各种社会科学计算机模型。具体讲述了连续与离散系统模型、灰色系统、人工神经网络、马尔可夫链、复杂网络、Agent复杂系统建模、系统动力学的建模与仿真以及蒙特卡洛仿真等内容。 | |
| 510 | 1 | @aModeling and simulation of complex system@zeng |
| 606 | 0 | @a系统建模@Axi tong jian mo |
| 606 | 0 | @a系统仿真@Axi tong fang zhen |
| 690 | @aN945.12@v5 | |
| 701 | 0 | @a白世贞@Abai shi zhen@f(1962-)@4主编 |
| 701 | 0 | @a张鹤冰@Azhang he bing@c(女,@f1984-)@4主编 |
| 701 | 0 | @a薛宁@Axue ning@f(1993-)@4主编 |
| 801 | 0 | @aCN@bBJSZM@c20201106 |
| 905 | @b1194232-5@dN945.12@e70@f4 | |
| 复杂系统建模与仿真=Modeling and simulation of complex system/白世贞, 张鹤冰, 薛宁主编.-北京:经济管理出版社,2019.11 |
| 264页:图;24cm |
| 哈尔滨商业大学“工商管理”黑龙江省国内一流学科资助黑龙江省学位与研究生教育教学改革研究项目成果之一 |
| ISBN 978-7-5096-6872-6:CNY59.00 |
| 本书介绍了系统科学与复杂理论在经济学等社会科学中的应用,以及各种社会科学计算机模型。具体讲述了连续与离散系统模型、灰色系统、人工神经网络、马尔可夫链、复杂网络、Agent复杂系统建模、系统动力学的建模与仿真以及蒙特卡洛仿真等内容。 |
| ● |
| 相关链接 |
|
|
|
|
正题名:复杂系统建模与仿真
索取号:N945.12/70
 
预约/预借
| 序号 | 登录号 | 条形码 | 馆藏地/架位号 | 状态 | 备注 |
| 1 | 1194232 | 211942326 | 第二样本阅览室/ [索取号:N945.12/70] | 在馆 | |
| 2 | 1194233 | 211942335 | 第三借阅区/ [索取号:N945.12/70] | 在馆 | |
| 3 | 1194234 | 211942344 | 第三借阅区/ [索取号:N945.12/70] | 在馆 | |
| 4 | 1194235 | 211942353 | 第三借阅区/ [索取号:N945.12/70] | 在馆 |